00811nam a2200253 a 4500001001300000003000900013005001700022008004100039020002400080082001500104100002100119245005800140260005000198300000900248500003500257505001000292650003400302650004000336700002100376902000800397942000700405952013000412999001500542nice12345678IN_TiNIC20260116013111.0050524s1976 cama grp 000 0 eng  a0521804 c147000a956.1bSHA aShaw, Stanford J aHistory of the Ottoman Empire and Modern Turkey Vol.1 aCambridge bCambridge University Press c1976 a351p aincludes index and biblioraphy2 aIndex aTurkey-History-Ottoman Empire aTurkey-History-1288-1918, 1918-19601 aShaw, Stanford J bSRS cBK 001040708StackRoom-aHMIbHMId2009-12-01g1470.00l1o956.1 SHAp015168r2022-01-27s2022-01-17v1470.00w2005-05-24yBK c9647d9647